| 000 | 00402nam a22001457a 4500 | ||
|---|---|---|---|
| 008 | 230510b |||||||| |||| 00| 0 eng d | ||
| 040 |
_aNational Science Library _cNational Science Library |
||
| 080 |
_a808.4(07) _bH3 |
||
| 100 |
_aWysocka, B _98600 |
||
| 245 | _aPolish | ||
| 260 |
_aLondon: _bLund. Humphries & Company Ltd, _c1943 |
||
| 300 | _a96p. | ||
| 650 | _aLinguistics | ||
| 942 |
_2udc _cREF |
||
| 999 |
_c28591 _d28591 |
||